Antibacterial, plasmonic and toxic properties of engineered nanoparticles : Doctoral of philosophy

Gardado en:
Detalles Bibliográficos
Autor Principal: Nguyễn,Hà Diệu Trang
Formato: Luận văn
Idioma:Undetermined
Publicado: University of Missouri 2016
Những chủ đề:
Các nhãn: Engadir etiqueta
Sen Etiquetas, Sexa o primeiro en etiquetar este rexistro!
Thư viện lưu trữ: Trung tâm Thư viện - Trường Đại học Công nghiệp TP. Hồ Chí Minh
LEADER 00567nam a2200157Ia 4500
001 UIH_01893
008 230809s9999 xx 000 0 und d
082 |a 530 
100 |a Nguyễn,Hà Diệu Trang 
245 0 |a Antibacterial, plasmonic and toxic properties of engineered nanoparticles : Doctoral of philosophy 
245 0 |c Nguyễn,Hà Diệu Trang 
260 |b University of Missouri 
260 |c 2016 
650 |a Vật lý học 
927 |a Luận văn 
980 |a Trung tâm Thư viện - Trường Đại học Công nghiệp TP. Hồ Chí Minh